banner-ar

البرنسيسة و الافندى / (Record no. 60174)

MARC details
000 -الفاتح
حقل البيانات ثابتة الطول 00934nam a22002657a 4500
005 - وقت وتاريخ اخر تعامل مع التسجيلة
رقم الضبط 20240530110356.0
008 - عناصر البيانات ثابتة الطول - معلومات عامة
حقل البيانات ثابتة الطول 150110s2009 ua o f 000 0bara d
017 ## - رقم الايداع القانونى
رقم الايداع القانونى 2008/13634
المصدر ( الهيئة المختصة) مصر . دار الكتب المصرية
020 ## - الرقم الدولى المعيارى للكتب
الرقم الدولى المعيارى للكتاب 9789770924666
040 ## - مصدر الفهرسة
وكالة الفهرسة الأصلية EG-CaGPL
041 0# - رمز اللغة
رمز لغة النص/ المسارات الصوتية أو العنوان الانفرادي ara
082 04 - رقم تصنيف ديوى العشرى
رقم الطبعة 21
رقم التصنيف 920.7
رقم المادة ق/ص ب
100 0# - المدخل الرئيسى - إسم شخصى
الإسم الشخصى صلاح عيسى
245 12 - بيان العنوان
العنوان البرنسيسة و الافندى /
بيان المسئوليه,etc صلاح عيسى
250 ## - بيان الطبعة
بيان الطبعة ط 1
260 ## - PUBLICATION, DISTRIBUTION, ETC. (IMPRINT)
تاريخ النشر أو التوزيع 2009
300 ## - الوصف المادى
التعداد 638 ص :
تفاصيل ماديه اخرى للوعاء صور ؛
أبعاد الوعاء 30 سم
490 0# - بيان السلسلة
عنوان السلسلة حكايات من دفتر الوطن
650 04 - المدخل الاضافى بالموضوع-مصطلح موضوعى
مصطلح موضوعي البرنسيسة فتحية
650 04 - المدخل الاضافى بالموضوع-مصطلح موضوعى
مصطلح موضوعي الامراء والملوك
التقسيم الفرعي العام تراجم
650 04 - المدخل الاضافى بالموضوع-مصطلح موضوعى
مصطلح موضوعي البرنسيسة فتحية
التقسيم الفرعي العام صور
651 04 - المدخل الاضافى بالموضوع - اسم جغرافى
الاسم الجغرافي مصر
التقسيم الفرعي العام تاريخ
التقسيم الفرعي الزمني العصر الحديث
-- الملك فاروق
942 ## - عناصر المدخل الإضافي( كوها)
مصدر التصنيف او مخطط الترفيف Dewey Decimal Classification
Koha [default] item type كتاب
260 ## - PUBLICATION, DISTRIBUTION, ETC. (IMPRINT)
-- القاهرة :
-- دار الشروق ،
Holdings
حالة التراجع حالة الفقد حالة تلف ليس للاعارة المكان المؤقت الموقع الحالى تاريخ الاكتساب اجمالي اﻻعارات رقم الطلب الباركود تاريخ اخر مشاهدة تاريخ تفعيل السعر نوع وعاء كوها
        مكتبة القاهرة الكبرى مكتبة القاهرة الكبرى 01/10/2015   920.7 ق/ص ب 159172 01/10/2015 01/10/2015 كتاب

Powered By

EGPV